000 00543nam a2200193Ia 4500
999 _c9928
_d9928
003 OSt
005 20200104134430.0
008 190216s9999||||xx |||||||||||||| ||und||
020 _a8122002854
040 _coclc
082 _a332.4
_bJHI/M
100 _aJhingan, M L
_9469
245 0 _aMoney Banking International Trade And Public Finance /
_cM L Jhingan
250 _a4th ed.
260 _bKonark Pub Pvt,
_c1993.
_aDelhi:
300 _a504p
650 _aEconomics
942 _cBK
_2ddc
_h332.4
_iJHI/M
_k332.4
_mJHI/M